ORGANISATIONAL BEHAVIOR (Record no. 9049)

MARC details
000 -LEADER
fixed length control field 00951nam a22001697a 4500
003 - CONTROL NUMBER IDENTIFIER
control field SGT
020 ## - INTERNATIONAL STANDARD BOOK NUMBER
International Standard Book Number 9789332500334
082 ## - DEWEY DECIMAL CLASSIFICATION NUMBER
Classification number 658.4,ROB
100 ## - MAIN ENTRY--PERSONAL NAME
Personal name ROBBINS
245 ## - TITLE STATEMENT
Title ORGANISATIONAL BEHAVIOR
250 ## - EDITION STATEMENT
Edition statement 5TH
260 ## - PUBLICATION, DISTRIBUTION, ETC. (IMPRINT)
Place of publication, distribution, etc NEW DELHI
Name of publisher, distributor, etc PEARSON
Year of Publication 2013
300 ## - PAGE DESCRIPTION
No. of Pages 672
650 ## - SUBJECT ADDED ENTRY--TOPICAL TERM
Topical term or geographic name as entry element MANAGEMENT
653 ## - KEYWORDS--INDEX TERM
Keyword term TABLE OF CONTENT INTRODUCTION 1 WHAT IS ORGANIZATIONAL BEHAVIOR? THE INDIVIDUAL 2 DIVERSITY IN ORGANIZATIONS 3 ATTITUDES AND JOB SATISFACTION 4 EMOTIONS AND MOODS 5 PERSONALITY AND VALUES 6 PERCEPTION AND INDIVIDUAL DECISION MAKING 7 MOTIVATION CONCEPTS 8 MOTIVATION: FROM CONCEPTS TO APPLICATIONS THE GROUP 9 FOUNDATIONS OF GROUP BEHAVIOR 10 UNDERSTANDING WORK TEAMS 11 COMMUNICATION 12 LEADERSHIP 13 POWER AND POLITICS 14 CONFLICT AND NEGOTIATION 15 FOUNDATIONS OF ORGANIZATION STRUCTURE THE ORGANIZATION SYSTEM 16 ORGANIZATIONAL CULTURE 17 ORGANIZATIONAL CHANGE AND STRESS MANAGEMENT
942 ## - ADDED ENTRY ELEMENTS (KOHA)
Source of classification or shelving scheme Dewey Decimal Classification
Koha item type FCM Books
942 ## - ADDED ENTRY ELEMENTS (KOHA)
-- 34
Holdings
Withdrawn status Lost status Source of classification or shelving scheme Damaged status Not for loan Collection code Home library Current library Shelving location Date acquired Vendor Name Cost, normal purchase price SGTU Bill Number Total Checkouts Full call number Accession No. (Barcode) Date last seen Date last borrowed Bill Date Koha item type Total Renewals
    Dewey Decimal Classification     COMMERCE MANAGEMENT SGT Science & Social Sciences Library SGT Science & Social Sciences Library Text Book 15/06/2016 SPARSH BOOK GALLERY 825.00 SGTU 1285 38 658.4,ROB CM456 20/11/2025 20/11/2025   FCM Books  
    Dewey Decimal Classification     COMMERCE MANAGEMENT SGT Science & Social Sciences Library SGT Science & Social Sciences Library Text Book 15/06/2016 SPARSH BOOK GALLERY 825.00 SGTU 1285 56 658.4,ROB CM457 19/02/2026 05/02/2026   FCM Books 2